01305nam a2200277 a 450000100060000000300080000600500170001400800390003103500190007004000420008904100080013108200200013924501360015926000400029530000340033550001250036950400200049465000470051470000250056171000540058671000820064094200120072299900170073495201360075195201400088715977BD-RjUL20211208235927.0140211t1962 nyua 101 0 eng a(BD-RjUL)16032 aDLCcWSUdSERdm.cdSERdBD-RjULbeng aeng04a658.1bORG 196200aOrganization theory in industrial practice :ba symposium of the Foundation for Research on Human Behavior /cEdited by Mason Haire aNew York ;aLondon :bWiley,cc1962 ax, 173 p. :bdiagrs ;c24 cm. a"One of a series of books from the research program of the Institute of Industrial Relations, University of California." aIncludes index. 0aIndustrial organizationxCongresses9494971 aHaire, Mason.9479552 aFoundation for Research on Human Behavior.9494982 aUniversity of California, Berkeley.bInstitute of Industrial Relations.98265 2ddccBK c15977d15977 00102ddc40708NFICaRUCLbRUCLcStackd1972-01-01eZeitlingerg0.00l0o658.1 ORG 1962r2014-02-11 00:00:00tC-2w2014-02-11yBK 00102ddc40718NFICaRUCLbRUCLcReadingd1972-01-01eZeittingerg140.00l0o658.1 ORG 1962r2017-01-03 00:00:00tC-1w2017-01-03yBK